Xi you ji : (Record no. 141787)

MARC details
000 -LEADER
fixed length control field 00958nam a2200301 i 4500
001 - CONTROL NUMBER
control field C2-0345296
003 - CONTROL NUMBER IDENTIFIER
control field PPAK
005 - DATE AND TIME OF LATEST TRANSACTION
control field 20180728145907.0
008 - FIXED-LENGTH DATA ELEMENTS--GENERAL INFORMATION
fixed length control field 180205s2016 si a|||b ||||| | 1 chi d
020 ## - INTERNATIONAL STANDARD BOOK NUMBER
International Standard Book Number 9789810786946
Qualifying information paperback
040 ## - CATALOGING SOURCE
Original cataloging agency PPAK
Language of cataloging eng
Transcribing agency PPAK
Description conventions rda
082 ## - DEWEY DECIMAL CLASSIFICATION NUMBER
Edition number 23
Classification number 495.186
090 ## - LOCALLY ASSIGNED LC-TYPE CALL NUMBER (OCLC); LOCAL CALL NUMBER (RLIN)
Classification number (OCLC) (R) ; Classification number, CALL (RLIN) (NR) 495.186
Feature heading WUC
Feature heading K
100 1# - MAIN ENTRY--PERSONAL NAME
Personal name Wu, Cheng'en
Relator term author
245 10 - TITLE STATEMENT
Title Xi you ji :
Remainder of title Xinjiapo xue sheng du ben /
Statement of responsibility, etc. Wu Cheng'en
246 13 - VARYING FORM OF TITLE
Remainder of title Xinjiapo xue sheng du ben
250 ## - EDITION STATEMENT
Edition statement Chu ban.
264 #1 - PRODUCTION, PUBLICATION, DISTRIBUTION, MANUFACTURE, AND COPYRIGHT NOTICE
Place of production, publication, distribution, manufacture Singapore :
Name of producer, publisher, distributor, manufacturer Ling zi chuan mei si ren you xian gong si ,
Date of production, publication, distribution, manufacture, or copyright notice 2016
300 ## - PHYSICAL DESCRIPTION
Extent 193 pages :
Other physical details color illustrations ;
Dimensions 23 cm
336 ## - CONTENT TYPE
Source rdacontent
Content type term text
337 ## - MEDIA TYPE
Source rdamedia
Media type term unmediated
338 ## - CARRIER TYPE
Source rdacarrier
Carrier type term volume
490 1# - SERIES STATEMENT
Series statement Si da ming zhu, Han yu pin yin ban
650 10 - SUBJECT ADDED ENTRY--TOPICAL TERM
Topical term or geographic name entry element Chinese language
General subdivision Readers
Form subdivision Juvenile fiction
700 0# - ADDED ENTRY--PERSONAL NAME
Personal name Yeren
Relator term illustrator
830 #0 - SERIES ADDED ENTRY--UNIFORM TITLE
Uniform title Si da ming zhu, Han yu pin yin ban
942 ## - ADDED ENTRY ELEMENTS (KOHA)
Koha item type Book
Source of classification or shelving scheme Dewey Decimal Classification
Holdings
Withdrawn Not for loan Current library Shelving location Date acquired Total Checkouts Total Renewals Full call number Barcode Date last seen Date last checked out Koha item type
    Perpustakaan Alor Setar Pinjaman Kanak-kanak 08/02/2018 34 6 K 495.186 WUC A01565170 24/01/2026 15/01/2026 Book